000 00415nam a2200169Ia 4500
008 230524s9999 xx 000 0 und d
020 _a8123909896
082 _a624.18341
_bRAJ
100 _aN.Krishna Raju
245 0 _aDesign of Reinforced Concrete Structures
250 _a3
260 _aNew Delhi
_bCBS
_c2014
300 _a"xiv,290p;"
500 _aQuantity Number: 2
650 _aCivil
942 _cBK
999 _c55307
_d55307